Catálogo

DESARROLLO DE HABILIDADES DEL PENSAMIENTO : (Registro nro. 27221)

Detalles MARC
000 -LEADER
fixed length control field 00488nam a2200181 a 4500
001 - CONTROL NUMBER
control field 27221
005 - DATE AND TIME OF LATEST TRANSACTION
control field 20200117095021.0
008 - FIXED-LENGTH DATA ELEMENTS--GENERAL INFORMATION
fixed length control field 140415s1995 000 0 spa d
020 ## - INTERNATIONAL STANDARD BOOK NUMBER
International Standard Book Number 9682452686
041 ## - LANGUAGE CODE
Language code of text/sound track or separate title spa
082 ## - DEWEY DECIMAL CLASSIFICATION NUMBER
Classification number 153.699
Item number SAN
100 1# - MAIN ENTRY--PERSONAL NAME
Personal name A., SÁNCHEZ, MARGARITA
245 10 - TITLE STATEMENT
Title DESARROLLO DE HABILIDADES DEL PENSAMIENTO :
Remainder of title PROCEOS BASICOS DEL PROCESAMIENTO
250 ## - EDITION STATEMENT
Edition statement 2° EDICIÓN
260 ## - PUBLICATION, DISTRIBUTION, ETC.
Place of publication, distribution, etc. [s.l.] :
Name of publisher, distributor, etc. TRILLAS,
Date of publication, distribution, etc. 1995
300 ## - PHYSICAL DESCRIPTION
Extent 209
Dimensions 21 x 1 x 27
520 ## - SUMMARY, ETC.
Summary, etc. CG
Existencias
Withdrawn status Lost status Source of classification or shelving scheme Damaged status Not for loan Collection code Home library Current library Shelving location Date acquired Source of acquisition Total Checkouts Full call number Barcode Price effective from Koha item type Inventory number Date last seen Date last checked out
    Dewey Decimal Classification     General Biblioteca Karol Wojtyla Biblioteca Karol Wojtyla Sala general 03/12/2013 Compra 1 153 SAN 64692 03/12/2013 Libro 151000000000000000061591 05/01/2026 05/03/2019
    Dewey Decimal Classification     General Biblioteca Karol Wojtyla Biblioteca Karol Wojtyla Sala general 03/12/2013 Compra   153 SAN 33721 03/12/2013 Libro 151000000000000000061590 05/01/2026 21/08/2015
Descarte   Dewey Decimal Classification     General Tehuacán Tehuacán Sala general 03/12/2013 Compra   153.699 SAN 500415 03/12/2013 Libro      
Descarte   Dewey Decimal Classification     General Tehuacán Tehuacán Sala general 03/12/2013 Compra   153 PEN 500672 03/12/2013 Libro   16/07/2016 16/07/2016